Исследование механизмов влияния добавок водорода на генерационные характеристики лазера на парах бромида меди; Современные техника и технологии; Т. 1

Bibliografiske detaljer
Parent link:Современные техника и технологии: сборник трудов XV Международной научно-практической конференции студентов, аспирантов и молодых ученых, Томск, 4-8 мая 2009 г/ Национальный исследовательский Томский политехнический университет (ТПУ).— , 2009
Т. 1.— 2009.— [С. 241-243]
Hovedforfatter: Торгаев С. Н. Станислав Николаевич
Andre forfattere: Евтушенко Г. С. Геннадий Сергеевич (научный руководитель), Бойченко А. М., Евтушенко Г. С.
Summary:Заглавие с титульного листа
Электронная версия печатной публикации
Sprog:russisk
Udgivet: 2009
Fag:
Online adgang:http://www.lib.tpu.ru/fulltext/c/2009/C01/V1/121.pdf
Format: MixedMaterials Electronisk Book Chapter
KOHA link:https://koha.lib.tpu.ru/cgi-bin/koha/opac-detail.pl?biblionumber=242034

MARC

LEADER 00000naa2a2200000 4500
001 242034
005 20251218135708.0
035 |a (RuTPU)RU\TPU\book\263330 
035 |a RU\TPU\book\263329 
090 |a 242034 
100 |a 20130822d2009 k y0rusy50 ca 
101 0 |a rus 
102 |a RU 
135 |a drnn ---uucaa 
181 0 |a i  
182 0 |a b 
200 1 |a Исследование механизмов влияния добавок водорода на генерационные характеристики лазера на парах бромида меди  |f С. Н. Торгаев, Г. С. Евтушенко, А. М. Бойченко  |g науч. рук. Г. С. Евтушенко 
203 |a Текст  |c электронный 
215 |a 1 файл (462 Кб) 
300 |a Заглавие с титульного листа 
300 |a Электронная версия печатной публикации 
337 |a Adobe Reader 
461 0 |0 (RuTPU)RU\TPU\book\261117  |t Современные техника и технологии  |o сборник трудов XV Международной научно-практической конференции студентов, аспирантов и молодых ученых, Томск, 4-8 мая 2009 г  |o в 3 т.  |f Национальный исследовательский Томский политехнический университет (ТПУ)  |d 2009 
463 0 |0 (RuTPU)RU\TPU\book\261157  |t Т. 1  |v [С. 241-243]  |d 2009 
610 1 |a электронный ресурс 
610 1 |a труды учёных ТПУ 
610 1 |a водород 
610 1 |a добавки 
610 1 |a лазеры 
610 1 |a генерационные характеристики 
610 1 |a лазеры на парах меди 
610 1 |a бромид меди 
700 1 |a Торгаев  |b С. Н.  |c специалист в области электроники  |c доцент Томского политехнического университета, кандидат физико-математических наук  |c младший научный сотрудник Института оптики атмосферы СО РАН  |f 1984-  |g Станислав Николаевич  |3 (RuTPU)RU\TPU\pers\25908  |9 11759 
701 1 |a Евтушенко  |b Г. С.  |c российский специалист в области электрофизики  |c профессор Томского политехнического университета, доктор технических наук  |f 1947-  |g Геннадий Сергеевич  |3 (RuTPU)RU\TPU\pers\21960  |9 9279 
701 1 |a Бойченко  |b А. М. 
702 1 |a Евтушенко  |b Г. С.  |4 727 
801 1 |a RU  |b 63413507  |c 20130617 
801 2 |a RU  |b 63413507  |c 20131028  |g RCR 
856 4 |u http://www.lib.tpu.ru/fulltext/c/2009/C01/V1/121.pdf 
942 |c CF